000 01401nam a2200301 a 4500
999 _c187480
_d187480
003 BLK
005 20241209143417.0
008 180411b bul|||||r ||||||| ||bul||
040 _aBLK
041 _aBUL
_cBUL
080 _aВъзпитание. Образование. Просвета. Организация на свободното време. Вж и 003;021. 3;159. 9;612;613;727
_b37
_z37
100 1 _aРусо, Жан-Жак
_eпърви автор
_9367707
139 _aРусо, Жан-Жак
245 1 0 _aИзбрани педагогически произведения
_cЖан-Жак Русо; състав., ред., увод и бел. Обрешко Обрешков; прев. от фр. Виолета Симеонова.
257 _aFRA
260 _aСофия
_bНар. просв.
_c1976
_fВ. Търново : Д. Найденов
300 _a448 с.
_b2 л. портр. и ил.
_c21 см
380 _a3
650 4 _aПедагогика
_9165929
653 _aпедагогика
700 1 _aОбрешков, Обрешко
_eсъстав., ред., увод и бел.
_9382206
700 1 _aСимеонова, Виолета
_eпрев. от фр.
_9291463
852 _aЦб 81074
_bЦб
856 4 _qpdf
_i0.00
_ldisable
942 _cKNG
_n0
_02
_s1
944 _aCR
_c18.11.2016
_k30530
_lМинев Младен
944 _aED
_c2022-10-18